[Event "London Classic op 10th"]
[Site "London"]
[Date "2018.12.12"]
[Round "4"]
[White "Cherniaev, Alexander"]
[Black "Beckett, Christopher J"]
[Result "1-0"]
[WhiteElo "2393"]
[BlackElo "2165"]
[PlyCount "93"]
[EventDate "2018.12.09"]
[EventType "swiss"]
[EventRounds "9"]
[EventCountry "ENG"]
[SourceTitle "CBM 187 Extra"]
[Source "ChessBase"]
[SourceDate "2018.11.04"]
[SourceVersion "1"]
[SourceVersionDate "2018.11.04"]
[SourceQuality "1"]

1. d4 e6 2. c4 Nf6 3. Bg5 Bb4+ 4. Nd2 h6 5. Bh4 c5 6. dxc5 Nc6 7. e3 0-0 8. a3 Bxc5 9. Ngf3 d5 10. cxd5 exd5 11. Bd3 Be6 12. 0-0 Be7 13. b4 Rc8 14. Qb1 g5 15. Bg3 Nh5 16. b5 Nxg3 17. hxg3 Nb8 18. Nd4 Bf6 19. Qb4 Qb6 20. N2b3 Nd7 21. Rac1 Ne5 22. Be2 Nc4 23. a4 a5 24. Qc3 Ra8 25. Qc2 Rfc8 26. Qa2 Qd6 27. Rfd1 Qb4 28. Nxe6 fxe6 29. Qb1 Qe7 30. e4 Na3 31. Qd3 Rd8 32. Bf3 Bb2 33. Rc5 dxe4 34. Qxe4 Rxd1+ 35. Bxd1 Bg7 36. Bf3 Rb8 37. Bg4 e5 38. Rd5 b6 39. Rd7 Qf6 40. Nd2 Rf8 41. Qd5+ Kh8 42. Ne4 Qg6 43. Rd6 Qh7 44. Qd3 h5 45. Be6 h4 46. g4 h3 47. gxh3 1-0

[Event "London Classic op 10th"]
[Site "London"]
[Date "2018.12.09"]
[Round "1"]
[White "Beckett, Christopher J"]
[Black "Saravanan, Aadarsh"]
[Result "1-0"]
[WhiteElo "2165"]
[BlackElo "1709"]
[PlyCount "59"]
[EventDate "2018.12.09"]
[EventType "swiss"]
[EventRounds "9"]
[EventCountry "ENG"]
[SourceTitle "CBM 187 Extra"]
[Source "ChessBase"]
[SourceDate "2018.11.04"]
[SourceVersion "1"]
[SourceVersionDate "2018.11.04"]
[SourceQuality "1"]

1. d4 Nf6 2. c4 g6 3. Nc3 d5 4. cxd5 Nxd5 5. e4 Nxc3 6. bxc3 c5 7. Nf3 Bg7 8. h3 Nc6 9. Be3 0-0 10. Be2 Bd7 11. 0-0 Qc7 12. Rb1 Rfd8 13. Qb3 Rab8 14. d5 Na5 15. Qa3 b6 16. c4 f5 17. Qc1 fxe4 18. Ng5 Nb7 19. Bg4 Bxg4 20. hxg4 Be5 21. Ne6 Qd7 22. Re1 Re8 23. Bf4 Qd6 24. Rxe4 Bxf4 25. Rxf4 Nd8 26. Re4 Nxe6 27. Rxe6 Qc7 28. Qh6 Rbd8 29. Rb3 Rf8 30. Rxg6+ 1-0

[Event "BCF-chT1b 1718 (4NCL)"]
[Site "England"]
[Date "2018.03.17"]
[Round "7.55"]
[White "Arkell, Keith C"]
[Black "Beckett, Christopher J"]
[Result "1-0"]
[WhiteElo "2416"]
[BlackElo "2126"]
[PlyCount "74"]
[EventDate "2017.11.11"]
[EventType "team-swiss"]
[EventRounds "11"]
[EventCountry "ENG"]
[SourceTitle "EXT 2019"]
[Source "ChessBase"]
[SourceDate "2018.10.10"]
[SourceVersion "1"]
[SourceVersionDate "2018.10.10"]
[SourceQuality "1"]
[WhiteTeam "Cheddleton"]
[BlackTeam "Cambridge University"]
[WhiteTeamCountry "ENG"]
[BlackTeamCountry "ENG"]

1. d4 e6 2. c4 Bb4+ 3. Bd2 a5 4. g3 Nf6 5. Bg2 d5 6. Qc2 0-0 7. Nf3 Nbd7 8. 0-0 c6 9. Bg5 Be7 10. Nbd2 h6 11. Bxf6 Nxf6 12. Ne5 Bd6 13. e4 Bb4 14. exd5 exd5 15. c5 Bxd2 16. Qxd2 Bf5 17. Qf4 Qc8 18. Rfe1 Be4 19. f3 Bh7 20. Re2 Ne8 21. Rae1 Nc7 22. Nd7 Qxd7 23. Re7 Ne6 24. Rxd7 Nxf4 25. gxf4 Rab8 26. Ree7 b6 27. cxb6 Rxb6 28. Rb7 Rxb7 29. Rxb7 Bf5 30. Kf2 Rc8 31. Ke3 c5 32. Bf1 Re8+ 33. Kd2 cxd4 34. Rb3 Rc8 35. Bd3 Bxd3 36. Kxd3 h5 37. Rb5 Re8 1-0

[Event "BCF-chT1b 1718 (4NCL)"]
[Site "England"]
[Date "2017.11.11"]
[Round "1.85"]
[White "Beckett, Christopher J"]
[Black "Duncan, Christopher R"]
[Result "1/2-1/2"]
[WhiteElo "2126"]
[BlackElo "2253"]
[PlyCount "30"]
[EventDate "2017.11.11"]
[EventType "team-swiss"]
[EventRounds "11"]
[EventCountry "ENG"]
[SourceTitle "CBM 181 Extra"]
[Source "ChessBase"]
[SourceDate "2017.12.12"]
[SourceVersion "1"]
[SourceVersionDate "2017.12.12"]
[SourceQuality "1"]
[WhiteTeam "Cambridge University"]
[BlackTeam "Blackthorne Russia"]
[WhiteTeamCountry "ENG"]
[BlackTeamCountry "ENG"]

1. d4 d5 2. c4 c6 3. Nf3 Nf6 4. e3 Bf5 5. Bd3 Bg6 6. 0-0 e6 7. Qc2 Bd6 8. Nbd2 0-0 9. Bxg6 hxg6 10. e4 dxe4 11. Nxe4 Nxe4 12. Qxe4 Nd7 13. Bg5 Be7 14. Bxe7 Qxe7 15. Rfd1 Rad8 1/2-1/2

[Event "BCF-chT2b 1617 (4NCL)"]
[Site "England"]
[Date "2016.11.20"]
[Round "2.83"]
[White "Beckett, Christopher J"]
[Black "Bak, Andrew"]
[Result "1-0"]
[WhiteElo "2169"]
[BlackElo "2041"]
[PlyCount "51"]
[EventDate "2016.11.19"]
[EventType "team-tourn"]
[EventRounds "11"]
[EventCountry "ENG"]
[SourceTitle "EXT 2019"]
[Source "ChessBase"]
[SourceDate "2018.10.10"]
[SourceVersion "1"]
[SourceVersionDate "2018.10.10"]
[SourceQuality "1"]
[WhiteTeam "Cambridge University"]
[BlackTeam "Bradford DCA Knights"]
[WhiteTeamCountry "ENG"]
[BlackTeamCountry "ENG"]

1. d4 d5 2. c4 c6 3. Nf3 Nf6 4. e3 e6 5. b3 Bd6 6. Bd3 Nbd7 7. Bb2 Qc7 8. Nc3 0-0 9. 0-0 e5 10. cxd5 Nxd5 11. Nxd5 cxd5 12. Rc1 Qb8 13. dxe5 Nxe5 14. Nxe5 Bxe5 15. Bxh7+ Kxh7 16. Qh5+ Kg8 17. Bxe5 Bg4 18. Qg5 f6 19. Bxf6 Rxf6 20. Qxg4 Qd6 21. Rc8+ Rf8 22. Rxa8 Rxa8 23. Rd1 Rd8 24. g3 Qc6 25. Qd4 Qc2 26. Rd2 1-0

[Event "BCF-chT2b 1617 (4NCL)"]
[Site "England"]
[Date "2016.11.19"]
[Round "1.63"]
[White "Burnett, Jim"]
[Black "Beckett, Christopher J"]
[Result "1/2-1/2"]
[WhiteElo "2096"]
[BlackElo "2169"]
[PlyCount "96"]
[EventDate "2016.11.19"]
[EventType "team-tourn"]
[EventRounds "11"]
[EventCountry "ENG"]
[SourceTitle "EXT 2019"]
[Source "ChessBase"]
[SourceDate "2018.10.10"]
[SourceVersion "1"]
[SourceVersionDate "2018.10.10"]
[SourceQuality "1"]
[WhiteTeam "White Rose II"]
[BlackTeam "Cambridge University"]
[WhiteTeamCountry "ENG"]
[BlackTeamCountry "ENG"]

1. d4 Nf6 2. c4 d6 3. Nf3 g6 4. g3 Bg7 5. Bg2 0-0 6. Nc3 Nbd7 7. 0-0 e5 8. e4 a6 9. Qc2 c6 10. Rd1 Qc7 11. h3 b5 12. c5 dxc5 13. dxe5 Nxe5 14. Nxe5 Qxe5 15. Bf4 Qe6 16. Bd6 Bb7 17. Bxf8 Bxf8 18. b3 Re8 19. Re1 Nd7 20. Rad1 Nb6 21. e5 Nd5 22. Ne4 Nb4 23. Qd2 Rb8 24. Ng5 Qe7 25. h4 Nd5 26. f4 c4 27. bxc4 Qc5+ 28. Kh2 Qxc4 29. Rc1 Qb4 30. Qe2 Qe7 31. Ne4 Bg7 32. Bh3 Bc8 33. Bxc8 Rxc8 34. Red1 Nxf4 35. gxf4 Qxh4+ 36. Kg2 Qxf4 37. Nf6+ Kh8 38. Qg4 Qxg4+ 39. Nxg4 h5 40. Nf6 Bh6 41. Rxc6 Rxc6 42. Rd8+ Bf8 43. Rxf8+ Kg7 44. Rg8+ Kh6 45. Kf3 Rc2 46. Rf8 Kg7 47. Rg8+ Kh6 48. Rf8 Kg7 1/2-1/2

[Event "BCF-chT2b 1516 (4NCL)"]
[Site "England"]
[Date "2016.02.14"]
[Round "6.18"]
[White "Beckett, Christopher J"]
[Black "Fegan, Chris"]
[Result "1/2-1/2"]
[WhiteElo "2129"]
[BlackElo "2077"]
[PlyCount "92"]
[EventDate "2015.11.14"]
[EventType "team-tourn"]
[EventRounds "7"]
[EventCountry "ENG"]
[SourceTitle "CBM 170 Extra"]
[Source "ChessBase"]
[SourceDate "2016.02.25"]
[SourceVersion "1"]
[SourceVersionDate "2016.02.25"]
[SourceQuality "1"]
[WhiteTeam "Cambridge II"]
[BlackTeam "BCM Dragons"]
[WhiteTeamCountry "ENG"]
[BlackTeamCountry "ENG"]

1. d4 d6 2. e4 Nf6 3. f3 e5 4. Ne2 Nc6 5. d5 Ne7 6. c4 g6 7. Nbc3 Bg7 8. Be3 0-0 9. g4 a6 10. Ng3 c6 11. Qd2 cxd5 12. cxd5 b5 13. Bd3 Rb8 14. h4 Bxg4 15. fxg4 Nxg4 16. Nd1 Nxe3 17. Qxe3 f5 18. Ne2 f4 19. Qf3 h5 20. Nf2 Qa5+ 21. Nc3 Rbc8 22. Kf1 Bf6 23. Kg2 Rf7 24. a4 b4 25. Nb1 Rg7 26. Nd2 Rf8 27. Qe2 Ra8 28. Nf3 Qb6 29. b3 a5 30. Bc4 Rf8 31. Nh3 Bxh4 32. Nxh4 g5 33. Nf3 g4 34. Rhg1 gxf3+ 35. Kxf3 Ng6 36. Qf2 Nh4+ 37. Ke2 f3+ 38. Kd3 Qxf2 39. Rxg7+ Kxg7 40. Nxf2 Ng2 41. Kd2 Kh6 42. Rg1 h4 43. Be2 fxe2 44. Rxg2 Rf3 45. Kxe2 Rxb3 46. Ng4+ Kh5 1/2-1/2

[Event "GBR-ch 102nd"]
[Site "Coventry"]
[Date "2015.08.04"]
[Round "8"]
[White "Beckett, Christopher J"]
[Black "Zhu, Richard"]
[Result "1/2-1/2"]
[WhiteElo "2160"]
[BlackElo "1869"]
[PlyCount "90"]
[EventDate "2015.07.27"]
[EventType "swiss"]
[EventRounds "11"]
[EventCountry "ENG"]
[SourceTitle "CBM 167 Extra"]
[Source "ChessBase"]
[SourceDate "2015.09.14"]
[SourceVersion "1"]
[SourceVersionDate "2015.09.14"]
[SourceQuality "1"]

1. d4 d5 2. c4 e6 3. Nc3 Nf6 4. cxd5 exd5 5. Bg5 Be7 6. e3 0-0 7. Bd3 Re8 8. Nge2 Nbd7 9. 0-0 Nf8 10. Qc2 g6 11. b4 Ne6 12. Bxf6 Bxf6 13. b5 Ng5 14. Nf4 c6 15. bxc6 bxc6 16. Na4 Bd7 17. Nc5 Re7 18. Rab1 Be8 19. Rfc1 Qd6 20. Nb7 Qd7 21. Na5 Ne6 22. Rb7 Qd6 23. Rxe7 Bxe7 24. Nxe6 Qxe6 25. Nxc6 Ba3 26. Na5 Bxc1 27. Qxc1 Rc8 28. Qd2 Qb6 29. Nb3 Bb5 30. g3 Bxd3 31. Qxd3 Kg7 32. Kg2 Rc6 33. Nc5 Qb2 34. Qb3 Qxb3 35. axb3 Kf6 36. f3 Ke7 37. Kf2 f5 38. Ke2 Kd6 39. h4 a5 40. Kd3 Rxc5 41. dxc5+ Kxc5 42. Kc3 h5 43. Kd3 Kb4 44. Kc2 Kb5 45. Kd3 Kb4 1/2-1/2

[Event "GBR-ch 102nd"]
[Site "Coventry"]
[Date "2015.07.29"]
[Round "3"]
[White "Willow, Jonah B"]
[Black "Beckett, Christopher J"]
[Result "0-1"]
[WhiteElo "1918"]
[BlackElo "2160"]
[PlyCount "102"]
[EventDate "2015.07.27"]
[EventType "swiss"]
[EventRounds "11"]
[EventCountry "ENG"]
[SourceTitle "CBM 167 Extra"]
[Source "ChessBase"]
[SourceDate "2015.09.14"]
[SourceVersion "1"]
[SourceVersionDate "2015.09.14"]
[SourceQuality "1"]

1. e4 c6 2. d4 d5 3. f3 Qb6 4. Nc3 dxe4 5. fxe4 e5 6. Nf3 exd4 7. Nxd4 Nf6 8. Be2 Bb4 9. Be3 0-0 10. 0-0 Nbd7 11. Qe1 Bc5 12. Na4 Bxd4 13. Nxb6 Bxe3+ 14. Kh1 Bxb6 15. Qh4 Re8 16. Bd3 Ne5 17. Qg3 Kh8 18. Rae1 Bc7 19. Qg5 Bd7 20. h3 Nxd3 21. cxd3 Re5 22. Qe3 Bb6 23. Qf4 Rae8 24. g4 Bc7 25. Qf3 h6 26. Rc1 Bd6 27. Qe3 b6 28. a3 Kh7 29. b4 c5 30. bxc5 Bxc5 31. Qf3 Bc6 32. Rfe1 Ba8 33. Kh2 Bxa3 34. Ra1 Bd6 35. Kg1 Bc5+ 36. Kf1 a5 37. Ra2 Nd5 38. Raa1 Nb4 39. Rad1 Nc2 40. Re2 Nd4 41. Qg2 Nxe2 42. Qxe2 Bd4 43. Rc1 Rc5 44. Rxc5 Bxc5 45. Qf3 Bc6 46. Qf4 a4 47. Ke2 a3 48. Qxf7 Rf8 49. Qe6 a2 50. Qe5 Ra8 51. Qa1 Bd4 0-1

[Event "GBR-ch 102nd"]
[Site "Coventry"]
[Date "2015.07.28"]
[Round "2"]
[White "Beckett, Christopher J"]
[Black "Emms, John M"]
[Result "0-1"]
[WhiteElo "2160"]
[BlackElo "2460"]
[PlyCount "100"]
[EventDate "2015.07.27"]
[EventType "swiss"]
[EventRounds "11"]
[EventCountry "ENG"]
[SourceTitle "CBM 167 Extra"]
[Source "ChessBase"]
[SourceDate "2015.09.14"]
[SourceVersion "1"]
[SourceVersionDate "2015.09.14"]
[SourceQuality "1"]

1. d4 Nf6 2. c4 e6 3. Nc3 Bb4 4. e3 0-0 5. Nge2 d5 6. a3 Bd6 7. c5 Be7 8. b4 c6 9. Nf4 b6 10. Nd3 Nbd7 11. Be2 a5 12. Bd2 Ne4 13. Nxe4 dxe4 14. Nf4 bxc5 15. bxc5 e5 16. dxe5 Nxe5 17. Qc2 Bf5 18. 0-0 Qc7 19. Rad1 Rfe8 20. Bc1 Qa7 21. Bb2 Qxc5 22. Qa4 Bg5 23. Rc1 Qe7 24. Bd4 Bxf4 25. exf4 Nd3 26. Bxd3 exd3 27. Be3 Be4 28. Rfd1 Qe6 29. Rc5 h6 30. f5 Bxf5 31. Rxc6 Qa2 32. Rc5 Rxe3 33. fxe3 Bg6 34. Rxa5 Rxa5 35. Qxa5 Be4 36. Qd2 Qxa3 37. Rf1 Qc5 38. Rc1 Qd5 39. Rf1 Kh7 40. Qf2 f5 41. Rd1 Qc5 42. h4 Qc7 43. Rd2 Kg6 44. Rd1 Kh5 45. Rf1 Kg4 46. Qe1 g5 47. hxg5 hxg5 48. Qd1+ Kh4 49. Qe1+ Kh5 50. Kf2 Qc2+ 0-1

[Event "BCF-chT2c 1415 (4NCL)"]
[Site "England"]
[Date "2015.05.03"]
[Round "10.234"]
[White "Birtwistle, Nigel"]
[Black "Beckett, Christopher J"]
[Result "0-1"]
[WhiteElo "2132"]
[BlackElo "2169"]
[PlyCount "82"]
[EventDate "2015.03.29"]
[EventType "team-tourn"]
[EventRounds "11"]
[EventCountry "ENG"]
[SourceTitle "EXT 2016"]
[Source "ChessBase"]
[SourceDate "2015.10.08"]
[SourceVersion "1"]
[SourceVersionDate "2015.10.08"]
[SourceQuality "1"]
[WhiteTeam "Grantham Sharks II"]
[BlackTeam "Cambridge II"]
[WhiteTeamCountry "ENG"]
[BlackTeamCountry "ENG"]

1. Nf3 Nf6 2. g3 d5 3. Bg2 e6 4. 0-0 b5 5. d3 Bb7 6. c3 Nbd7 7. a4 b4 8. a5 Rc8 9. Be3 bxc3 10. bxc3 c5 11. c4 Be7 12. Bd2 0-0 13. a6 Ba8 14. Ba5 Qe8 15. Nc3 Nb8 16. Nb5 Nc6 17. Bc3 d4 18. Bd2 Qd7 19. Qa4 e5 20. Ng5 Ne8 21. Bh3 f5 22. Bg2 Nf6 23. Rab1 h6 24. Nf3 Qe6 25. Ba5 Bd8 26. Bxd8 Rfxd8 27. Nd2 e4 28. Nb3 Qe7 29. Qa3 Ne5 30. N3xd4 Qd7 31. Nb3 exd3 32. exd3 Bxg2 33. Kxg2 f4 34. f3 Qxd3 35. Na5 Qc2+ 36. Rf2 Qxb1 37. Nxa7 Rc7 38. Nb5 Rcd7 39. Nb7 Nxc4 40. Qxc5 Ne3+ 41. Kh3 Rd5 0-1

[Event "BCF-chT2a 1415 (4NCL)"]
[Site "England"]
[Date "2015.01.11"]
[Round "4.99"]
[White "Martin Perez, Javier"]
[Black "Beckett, Christopher J"]
[Result "0-1"]
[WhiteElo "2031"]
[BlackElo "2144"]
[PlyCount "42"]
[EventDate "2014.11.15"]
[EventType "team-tourn"]
[EventRounds "7"]
[EventCountry "ENG"]
[SourceTitle "EXT 2016"]
[Source "ChessBase"]
[SourceDate "2015.10.08"]
[SourceVersion "1"]
[SourceVersionDate "2015.10.08"]
[SourceQuality "1"]
[WhiteTeam "Rhyfelwyr Essyllwg"]
[BlackTeam "Cambridge II"]
[WhiteTeamCountry "ENG"]
[BlackTeamCountry "ENG"]

1. e4 e6 2. d4 c5 3. Nf3 cxd4 4. Nxd4 Nf6 5. e5 Qa5+ 6. Nc3 Qxe5+ 7. Be2 Nc6 8. Nf3 Qb8 9. Bg5 Be7 10. Qd2 d5 11. Bb5 0-0 12. 0-0-0 a6 13. Bf4 Bd6 14. Bxd6 Qxd6 15. Bd3 b5 16. Qg5 h6 17. Qh4 b4 18. Ne2 e5 19. Ng3 Qc5 20. Bf5 e4 21. Nd2 Nd4 0-1

[Event "BCF-chT2a 1415 (4NCL)"]
[Site "England"]
[Date "2015.01.10"]
[Round "3.243"]
[White "Beckett, Christopher J"]
[Black "Kalaiyalahan, Akshaya"]
[Result "1/2-1/2"]
[WhiteElo "2144"]
[BlackElo "2016"]
[PlyCount "95"]
[EventDate "2014.11.15"]
[EventType "team-tourn"]
[EventRounds "7"]
[EventCountry "ENG"]
[SourceTitle "EXT 2016"]
[Source "ChessBase"]
[SourceDate "2015.10.08"]
[SourceVersion "1"]
[SourceVersionDate "2015.10.08"]
[SourceQuality "1"]
[WhiteTeam "Cambridge II"]
[BlackTeam "Guildford III"]
[WhiteTeamCountry "ENG"]
[BlackTeamCountry "ENG"]

1. d4 d5 2. c4 c6 3. Nf3 Nf6 4. Qc2 dxc4 5. e4 b5 6. b3 cxb3 7. axb3 e6 8. Bd3 h6 9. 0-0 Be7 10. Bd2 a5 11. Bf4 Bb7 12. Nc3 0-0 13. Rfd1 Na6 14. Qe2 Nb4 15. Bb1 Re8 16. e5 Nfd5 17. Qe4 g6 18. Nxd5 Qxd5 19. Qe3 h5 20. Ng5 Qd7 21. Qg3 Bd8 22. Nxf7 Qxf7 23. Bxg6 Qg7 24. Bxe8 h4 25. Qxg7+ Kxg7 26. Bh5 Bb6 27. Bg5 Nc2 28. Rac1 Nxd4 29. Be3 c5 30. Bxd4 cxd4 31. Bf3 Bxf3 32. gxf3 Rf8 33. Rc6 Ba7 34. Rxe6 Rxf3 35. Re7+ Rf7 36. Rxf7+ Kxf7 37. f4 Ke6 38. Kg2 Bc5 39. Kf3 Kd5 40. h3 a4 41. bxa4 bxa4 42. Re1 a3 43. e6 Be7 44. f5 Kc4 45. Ke4 Bf6 46. Rc1+ Kb3 47. Kd3 a2 48. Ra1 1/2-1/2

[Event "BCF-chT2a 1415 (4NCL)"]
[Site "England"]
[Date "2014.11.15"]
[Round "1.43"]
[White "Martin, Lewis"]
[Black "Beckett, Christopher J"]
[Result "0-1"]
[WhiteElo "2093"]
[BlackElo "2144"]
[PlyCount "54"]
[EventDate "2014.11.15"]
[EventType "team-tourn"]
[EventRounds "7"]
[EventCountry "ENG"]
[SourceTitle "CBM 163 Extra"]
[Source "ChessBase"]
[SourceDate "2014.12.23"]
[SourceVersion "1"]
[SourceVersionDate "2014.12.23"]
[SourceQuality "1"]
[WhiteTeam "Brown Jack Witney"]
[BlackTeam "Cambridge II"]
[WhiteTeamCountry "ENG"]
[BlackTeamCountry "ENG"]

1. d4 Nf6 2. c4 e6 3. Nf3 Bb4+ 4. Bd2 Qe7 5. Nc3 0-0 6. e3 d6 7. Bd3 e5 8. dxe5 dxe5 9. Qc2 Bxc3 10. Bxc3 Nc6 11. a3 a5 12. h3 Rd8 13. 0-0-0 Rxd3 14. Qxd3 e4 15. Bxf6 gxf6 16. Qc3 exf3 17. gxf3 Qe5 18. Qd3 Bf5 19. e4 Qf4+ 20. Kb1 Be6 21. Qb3 b6 22. Qb5 Ne5 23. Rc1 Qxf3 24. c5 Qxe4+ 25. Ka1 Qd5 26. b3 Qd4+ 27. Ka2 a4 0-1

[Event "Politiken Cup 36th"]
[Site "Helsingor"]
[Date "2014.07.28"]
[Round "9"]
[White "Liedbeck, Patrik"]
[Black "Beckett, Christopher J"]
[Result "0-1"]
[WhiteElo "1858"]
[BlackElo "2132"]
[PlyCount "82"]
[EventDate "2014.07.21"]
[EventType "swiss"]
[EventRounds "10"]
[EventCountry "DEN"]
[SourceTitle "CBM 161 Extra"]
[Source "ChessBase"]
[SourceDate "2014.08.29"]
[SourceVersion "1"]
[SourceVersionDate "2014.08.29"]
[SourceQuality "1"]

1. e4 e6 2. d4 d5 3. Nd2 Nf6 4. e5 Ne4 5. Nxe4 dxe4 6. Be3 c5 7. c3 Qc7 8. Bb5+ Bd7 9. Bxd7+ Nxd7 10. Ne2 cxd4 11. cxd4 Bb4+ 12. Bd2 Bxd2+ 13. Qxd2 0-0 14. Rc1 Qb6 15. 0-0 Rfd8 16. Qc2 Qa6 17. Qxe4 Qxa2 18. Rc7 Rab8 19. Rxb7 Nb6 20. Rxb8 Rxb8 21. Qc2 h6 22. Nc3 Qc4 23. Rd1 Nd5 24. Qd2 Nb4 25. g3 Qb3 26. Ra1 Nc6 27. Ra6 Qb7 28. Ra2 Rd8 29. Qe2 Nxd4 30. Qa6 Nf3+ 31. Kh1 Qb3 32. Qxa7 Qc4 33. Ra1 Qg4 34. Qe3 Qh5 35. h4 Qg4 36. Kg2 Nxh4+ 37. Kf1 Qh3+ 38. Ke2 Nf5 39. Qe4 Qh2 40. Kf1 Rd2 41. Nd1 Rxf2+ 0-1

[Event "Politiken Cup 36th"]
[Site "Helsingor"]
[Date "2014.07.25"]
[Round "6"]
[White "Beckett, Christopher J"]
[Black "Nilssen, John Arni"]
[Result "0-1"]
[WhiteElo "2132"]
[BlackElo "2322"]
[PlyCount "118"]
[EventDate "2014.07.21"]
[EventType "swiss"]
[EventRounds "10"]
[EventCountry "DEN"]
[SourceTitle "CBM 161 Extra"]
[Source "ChessBase"]
[SourceDate "2014.08.29"]
[SourceVersion "1"]
[SourceVersionDate "2014.08.29"]
[SourceQuality "1"]

1. d4 d5 2. c4 e6 3. Nc3 c6 4. e3 Bd6 5. Bd3 f5 6. f4 b6 7. Nf3 Nh6 8. 0-0 0-0 9. b3 Bb7 10. Bb2 Qe7 11. Qe2 a5 12. Na4 Bc7 13. c5 b5 14. Nc3 Kh8 15. Nd1 Nd7 16. Bc3 Qe8 17. Nf2 Nf6 18. Ne5 Ne4 19. Rfc1 Rg8 20. Bxe4 dxe4 21. a3 Qe7 22. b4 a4 23. Kh1 Rad8 24. g4 Bxe5 25. dxe5 Rd5 26. Rg1 Bc8 27. Rg2 Bd7 28. gxf5 exf5 29. Qh5 Be6 30. Rg5 Qe8 31. Qh4 Qd8 32. Qh3 Ng4 33. Nxg4 Rd1+ 34. Kg2 fxg4 35. Qh4 Rxa1 36. Bxa1 Qd2+ 37. Qf2 Qxf2+ 38. Kxf2 Rf8 39. Kg3 g6 40. Rxg4 Bxg4 41. Kxg4 Rf5 42. h4 Kg8 43. Bd4 Kf7 44. Kg3 Ke6 45. Ba1 h6 46. Kg4 Kd5 47. Kg3 h5 48. Bd4 Rf8 49. Ba1 Kc4 50. Bd4 Kb3 51. e6 Re8 52. f5 gxf5 53. Kf4 Rxe6 54. Kxf5 Re8 55. Kg6 Kxa3 56. Kxh5 Kxb4 57. Kg6 a3 58. h5 Kc4 59. h6 Re6+ 0-1

[Event "Politiken Cup 36th"]
[Site "Helsingor"]
[Date "2014.07.24"]
[Round "5"]
[White "Undheim, Bjarne"]
[Black "Beckett, Christopher J"]
[Result "0-1"]
[WhiteElo "1870"]
[BlackElo "2132"]
[PlyCount "66"]
[EventDate "2014.07.21"]
[EventType "swiss"]
[EventRounds "10"]
[EventCountry "DEN"]
[SourceTitle "CBM 161 Extra"]
[Source "ChessBase"]
[SourceDate "2014.08.29"]
[SourceVersion "1"]
[SourceVersionDate "2014.08.29"]
[SourceQuality "1"]

1. e4 e6 2. d4 c5 3. c3 d5 4. e5 Qb6 5. Bd3 Bd7 6. Ne2 Bb5 7. 0-0 Nc6 8. b3 Bxd3 9. Qxd3 Rc8 10. Ba3 Nh6 11. Nd2 c4 12. bxc4 Bxa3 13. cxd5 exd5 14. Nf4 0-0 15. Nxd5 Qd8 16. c4 Bb2 17. Ne4 g6 18. Ndf6+ Kg7 19. Qd2 Bxd4 20. Qg5 Nf5 21. Rad1 h6 22. Qg4 Nxe5 23. Qf4 Rc6 24. g4 Nh4 25. Rxd4 Nhf3+ 26. Kh1 Qxd4 27. h4 Qxc4 28. Rd1 Qe2 29. Rg1 Nd3 30. Nh5+ gxh5 31. gxh5+ Nxg1 32. Qg3+ Kh7 33. Qg2 Qf3 0-1

[Event "Politiken Cup 36th"]
[Site "Helsingor"]
[Date "2014.07.22"]
[Round "2"]
[White "Beckett, Christopher J"]
[Black "Beshukov, Sergei"]
[Result "0-1"]
[WhiteElo "2132"]
[BlackElo "2423"]
[PlyCount "56"]
[EventDate "2014.07.21"]
[EventType "swiss"]
[EventRounds "10"]
[EventCountry "DEN"]
[SourceTitle "CBM 161 Extra"]
[Source "ChessBase"]
[SourceDate "2014.08.29"]
[SourceVersion "1"]
[SourceVersionDate "2014.08.29"]
[SourceQuality "1"]

1. d4 Nf6 2. c4 d6 3. Nc3 Bf5 4. f3 e5 5. d5 e4 6. g4 Bg6 7. g5 Nh5 8. fxe4 h6 9. Nf3 hxg5 10. Bxg5 Be7 11. Qa4+ Kf8 12. Rg1 Nd7 13. Be3 Bf6 14. Rxg6 fxg6 15. Bh3 Ne5 16. Nd4 Kg8 17. Ne6 Qe7 18. Qb3 b6 19. Nb5 Ng3 20. hxg3 Rxh3 21. Kf2 Ng4+ 22. Kf3 Nxe3 23. Qxe3 Be5 24. Rg1 c5 25. Kg4 Rh2 26. Nc3 Bd4 27. Nxd4 cxd4 28. Qxd4 Rf8 0-1

[Event "BCF-chT2c 1314 (4NCL)"]
[Site "England"]
[Date "2014.05.05"]
[Round "11.227"]
[White "Cenal Gutierrez, Ruben"]
[Black "Beckett, Christopher J"]
[Result "1-0"]
[WhiteElo "2228"]
[BlackElo "2121"]
[PlyCount "81"]
[EventDate "2013.11.16"]
[EventType "team-tourn"]
[EventRounds "11"]
[EventCountry "ENG"]
[SourceTitle "EXT 2015"]
[Source "ChessBase"]
[SourceDate "2014.11.20"]
[SourceVersion "1"]
[SourceVersionDate "2014.11.20"]
[SourceQuality "1"]
[WhiteTeam "Hackney"]
[BlackTeam "Cambridge II"]
[WhiteTeamCountry "ENG"]
[BlackTeamCountry "ENG"]

1. Nf3 Nf6 2. c4 e6 3. d4 Bb4+ 4. Nbd2 d5 5. e3 0-0 6. Qc2 dxc4 7. Bxc4 Nbd7 8. a3 Bd6 9. 0-0 e5 10. d5 Qe7 11. e4 Nh5 12. Re1 a6 13. Bf1 b5 14. a4 b4 15. Nc4 a5 16. Nxd6 cxd6 17. Qc7 Ba6 18. Bxa6 Rxa6 19. Bg5 f6 20. Be3 Nf4 21. Bxf4 exf4 22. Nd4 Qd8 23. Qxd8 Rxd8 24. Ne6 Rc8 25. Rac1 Nc5 26. Rc4 g5 27. f3 h6 28. Rec1 Ra7 29. Kf1 Kf7 30. b3 Ra6 31. Ke2 Ke7 32. Nxc5 dxc5 33. Rxc5 Rxc5 34. Rxc5 h5 35. Rc7+ Kd6 36. Rf7 Kc5 37. Kd3 Rd6 38. Rf8 Ra6 39. h3 f5 40. Rxf5 Rg6 41. Rf8 1-0

[Event "BCF-chT2a 1314 (4NCL)"]
[Site "England"]
[Date "2014.02.16"]
[Round "6.43"]
[White "Goodger, Martyn"]
[Black "Beckett, Christopher J"]
[Result "1/2-1/2"]
[WhiteElo "2105"]
[BlackElo "2123"]
[PlyCount "82"]
[EventDate "2013.11.16"]
[EventType "team-swiss"]
[EventRounds "11"]
[EventCountry "ENG"]
[SourceTitle "EXT 2015"]
[Source "ChessBase"]
[SourceDate "2014.11.20"]
[SourceVersion "1"]
[SourceVersionDate "2014.11.20"]
[SourceQuality "1"]
[WhiteTeam "Poisoned Pawns"]
[BlackTeam "Cambridge II"]
[WhiteTeamCountry "ENG"]
[BlackTeamCountry "ENG"]

1. e4 d6 2. d4 Nf6 3. Nc3 e5 4. Nf3 Nbd7 5. Bc4 Be7 6. 0-0 Nb6 7. Be2 exd4 8. Nxd4 0-0 9. f4 Re8 10. Bf3 Bf8 11. Qd3 c6 12. Kh1 Qc7 13. Be3 Bg4 14. Bg1 Bxf3 15. Rxf3 Nbd7 16. Nb3 b5 17. Re1 Rad8 18. Rff1 a5 19. Qf3 b4 20. Nd1 d5 21. e5 Ne4 22. Re2 f6 23. exf6 Ndxf6 24. g4 Bd6 25. Nd4 Nc5 26. Rg2 Re4 27. Be3 Rf8 28. Nf5 Nfd7 29. Nxd6 Qxd6 30. Nf2 Ree8 31. f5 Ne4 32. Nd3 Ne5 33. Nxe5 Qxe5 34. Bc1 Rf7 35. a3 Ref8 36. axb4 axb4 37. Qb3 Qd6 38. Bf4 Qc5 39. Be3 Qd6 40. Bf4 Qc5 41. Qe3 Qxe3 1/2-1/2